Tutti i presidenti italiani italiani - Statistics

Statistiche generali
  • Questo quiz è stato fatto 80 volte
  • Il punteggio medio è 6 su 12
Statistiche sulle risposte
con Immagini Risposta % Corretto
Sergio Mattarella
81%
Giorgio Napolitano
69%
Sandro Pertini
67%
Enrico de Nicola
59%
Luigi Einaudi
53%
Francesco Cossiga
52%
Giovanni Leone
52%
Giuseppe Saragat
42%
Antonio Segni
41%
Carlo Ciampi
41%
Giovanni Gronchi
41%
Luigi Scalfaro
31%
Nessun quiz corrispondente trovato
Distribuzione punteggi
Percentuale di utenti per punteggio
Percentile per numero di risposta
I tuoi punteggi nel tempo
Non hai fatto questo quiz